000 00511nam a2200193Ia 4500
005 20250508163659.0
008 008 250505s9999 xx 000 0 eng d
020 _a81-85107-73-4
037 _aTextual
040 _aFEDL
_beng
_cFEDL
041 _aeng
_2eng
084 _a306.858, BHA
_qFEDL
100 _aBhasin Kamla
245 0 _aWhat is patriachy?
260 _aNew Delhi, India
_bKali for Women
_c1993
300 _a41p.
942 _cTEXL
_h306.858, BHA
999 _c1384670
_d1384670